Цифровая система автоматической подстройки частоты генератора СВЧ; Перспективы развития фундаментальных наук

Bibliographic Details
Parent link:Перспективы развития фундаментальных наук.— 2014.— [С. 1015-1018]
Main Author: Волков А. В.
Corporate Author: Национальный исследовательский Томский политехнический университет (ТПУ) Институт неразрушающего контроля (ИНК) Кафедра промышленной и медицинской электроники (ПМЭ)
Other Authors: Буркин Е. Ю. Евгений Юрьевич (научный руководитель)
Summary:Заглавие с экрана
The system of extreme regulation in resonator system was developed for automatic frequency trim of a magnetron. The system carries out searching of frequency of a magnetron with which the system will work in a resonance mode, and deduction of a resonance mode. The presented system allows to operate a magnetron with a high precision, both in automatic, and in a manual mode that gives the opportunity to completely automate magnetron work in resonator system.
Language:Russian
Published: 2014
Series:Технологии и электроника
Subjects:
Online Access:http://www.lib.tpu.ru/fulltext/c/2014/C21/343.pdf
Format: MixedMaterials Electronic Book Chapter
KOHA link:https://koha.lib.tpu.ru/cgi-bin/koha/opac-detail.pl?biblionumber=607055

MARC

LEADER 00000naa2a2200000 4500
001 607055
005 20260311163924.0
035 |a (RuTPU)RU\TPU\conf\4434 
035 |a RU\TPU\conf\4432 
090 |a 607055 
100 |a 20140627d2014 k y0rusy50 ca 
101 0 |a rus 
102 |a RU 
135 |a drcn ---uucaa 
181 0 |a i  
182 0 |a b 
200 1 |a Цифровая система автоматической подстройки частоты генератора СВЧ  |d Digital system of automatic fine tuning microwave generator frequencies  |f А. В. Волков  |g науч. рук. Е. Ю. Буркин 
203 |a Текст  |c электронный 
215 |a 1 файл(546 Кб) 
225 1 |a Технологии и электроника 
300 |a Заглавие с экрана 
320 |a [Библиогр.: с. 1018 (2 назв.)] 
330 |a The system of extreme regulation in resonator system was developed for automatic frequency trim of a magnetron. The system carries out searching of frequency of a magnetron with which the system will work in a resonance mode, and deduction of a resonance mode. The presented system allows to operate a magnetron with a high precision, both in automatic, and in a manual mode that gives the opportunity to completely automate magnetron work in resonator system. 
337 |a Adobe Reader 
463 1 |0 (RuTPU)RU\TPU\conf\3586  |t Перспективы развития фундаментальных наук  |l Prospects of fundamental sciences development  |o сборник научных трудов XI Международной конференция студентов и молодых ученых, г. Томск, 22-25 апреля 2014 г.  |f Национальный исследовательский Томский политехнический университет (ТПУ) ; под ред. Е. А. Вайтулевич  |v [С. 1015-1018]  |d 2014 
510 1 |a Digital system of automatic fine tuning microwave generator frequencies  |z eng 
610 1 |a электронный ресурс 
610 1 |a труды учёных ТПУ 
610 1 |a цифровые системы 
610 1 |a автоматическая подстройка 
610 1 |a частоты 
610 1 |a генераторы 
610 1 |a СВЧ 
700 1 |a Волков  |b А. В. 
702 1 |a Буркин  |b Е. Ю.  |c специалист в области электроники  |c доцент Томского политехнического университета, кандидат технических наук  |f 1971-  |g Евгений Юрьевич  |4 727 
712 0 2 |a Национальный исследовательский Томский политехнический университет (ТПУ)  |b Институт неразрушающего контроля (ИНК)  |b Кафедра промышленной и медицинской электроники (ПМЭ)  |3 (RuTPU)RU\TPU\col\18719 
801 1 |a RU  |b 63413507  |c 20101016 
801 2 |a RU  |b 63413507  |c 20140627  |g RCR 
856 4 |u http://www.lib.tpu.ru/fulltext/c/2014/C21/343.pdf 
942 |c CF